Revista de Estudios Sociales - No.28 (Registro nro. 118834)

Detalles MARC
000 -CABECERA
campo de control de longitud fija 00537nas a2200217 a 4500
001 - NÚMERO DE CONTROL
campo de control 118834
003 - IDENTIFICADOR DEL NÚMERO DE CONTROL
campo de control 207969
005 - FECHA Y HORA DE LA ÚLTIMA TRANSACCIÓN
campo de control 20201118120935.0
008 - DATOS DE LONGITUD FIJA--INFORMACIÓN GENERAL
campo de control de longitud fija ||||||n9999 ||| || ||
245 #0 - MENCIÓN DE TÍTULO
Título Revista de Estudios Sociales - No.28
260 ## - PUBLICACIÓN, DISTRIBUCIÓN, ETC.
Lugar de publicación, distribución, etc. Bogotá :
562 ## - NOTA DE IDENTIFICACIÓN DE LA COPIA Y VERSIÓN
Número de copias 5
650 ## - PUNTO DE ACCESO ADICIONAL DE MATERIA--TÉRMINO DE MATERIA
Término de materia o nombre geográfico como elemento de entrada GÉNERO Y SEXUALIDAD
650 ## - PUNTO DE ACCESO ADICIONAL DE MATERIA--TÉRMINO DE MATERIA
Término de materia o nombre geográfico como elemento de entrada HOMOFOBIA
650 ## - PUNTO DE ACCESO ADICIONAL DE MATERIA--TÉRMINO DE MATERIA
Término de materia o nombre geográfico como elemento de entrada HOMOSEXUALES
650 ## - PUNTO DE ACCESO ADICIONAL DE MATERIA--TÉRMINO DE MATERIA
Término de materia o nombre geográfico como elemento de entrada LESBIANISMO
650 ## - PUNTO DE ACCESO ADICIONAL DE MATERIA--TÉRMINO DE MATERIA
Término de materia o nombre geográfico como elemento de entrada SEXUALIDAD
773 ## - ENLACE AL DOCUMENTO FUENTE/ENTRADA DE REGISTRO ANFITRIÓN
Número bibliográfico anfitrión 58992
Encabezamiento principal Revista de Estudios Sociales :
942 ## - ELEMENTOS DE PUNTO DE ACCESO ADICIONAL (KOHA)
Tipo de ítem Koha Revista
Existencias
Estado de retiro Estado de pérdida Estado dañado No para préstamo Código de colección Localización permanente Ubicación/localización actual Coste, precio normal de compra Total de préstamos Código de barras Número de copia Tipo de ítem Koha Fuente del sistema de clasificación o colocación Fecha de adquisición Fecha visto por última vez Precio válido a partir de
        Hemeroteca Bogotá - Sede Central Bogotá - Sede Central 0.00   114341 1 Revista        
        Hemeroteca Cali - Sede Valle del Cauca Cali - Sede Valle del Cauca 0.00   VAL6112 3 Revista        
        Hemeroteca Cartagena - Sede Bolívar-Córdoba-Sucre Cartagena - Sede Bolívar-Córdoba-Sucre 0.00   BOL8474 4 Revista        
        Hemeroteca Dosquebradas - Sede Risaralda-Quindio Dosquebradas - Sede Risaralda-Quindio 0.00   RIS5755 5 Revista        
        Hemeroteca Fusagasugá - Sede Cundinamarca Fusagasugá - Sede Cundinamarca 0.00   CUN6803 2 Revista        
        Hemeroteca Manizales - Sede Caldas Manizales - Sede Caldas 0.00   CAL7113 6 Revista Dewey Decimal Classification 10/05/2023 10/05/2023 10/05/2023